Attitude and job satisfaction of teachers / (Record no. 81265)

MARC details
000 -LEADER
fixed length control field 00624nam a22001937a 4500
005 - DATE AND TIME OF LATEST TRANSACTION
control field 20131220115926.0
010 ## - LCCN (DPL NO)
LC control number ENG-108879
020 ## - INTERNATIONAL STANDARD BOOK NUMBER
Terms of availability 300.00
International Standard Book Number 9788122506921
035 ## - SYSTEM CONTROL NUMBER
System control number EN-92412
037 ## - SOURCE OF ACQUISITION
Source of stock number/acquisition DBAD/PUB
082 ## - DEWEY DECIMAL CLASSIFICATION NUMBER
Classification number 371.102
100 ## - MAIN ENTRY--PERSONAL NAME
Personal name Srivastava, Anjana
245 ## - TITLE STATEMENT
Title Attitude and job satisfaction of teachers /
Statement of responsibility, etc by Anjana Srivastava
260 ## - PUBLICATION, DISTRIBUTION, ETC. (IMPRINT)
Place of publication, distribution, etc New Delhi
Name of publisher, distributor, etc Kitab Mahal
Date of publication, distribution, etc 2013
270 ## - ADDRESS
Address 8, Hari Sadan, Ground Floor, 20, Ansari Road Daryaganj
City New Delhi
Postal code 110002
300 ## - PHYSICAL DESCRIPTION
Extent xiii,127p.
Dimensions 22cm(Hb)
500 ## - GENERAL NOTE
General note Includes bibliogarphical references
942 ## - ADDED ENTRY ELEMENTS (KOHA)
Source of classification or shelving scheme Dewey Decimal Classification
Item type English Books
Call number suffix SRI
Classification part 371.102
Holdings
Withdrawn status Lost status Not for loan Collection code Home library Current library Date acquired Source of acquisition Cost, normal purchase price Full call number Barcode Copy number Cost, replacement price Koha item type
    Not For Loan Non-fiction D.B.Act.Division D.B.Act.Division 18/12/2013 DBAD/PUB 300.00 371.102 SRI EN-92412 1 300.00 English Books

© Delhi Public Library
Hit Counter
free hit counter